1385 1167 1839 1430 1371 1168 1128 1412 1565 1089 1794 1824 1660 1383 1341 1244 1287 1820 1752 1849 1369 1350 1610 1739 1452 1880 1045 1017 1511 1644 1830 1577 1300 1242 1646 1173 1108 1511 1285 1894 1079 1984 1476 1831 1401 1839 1362 1347 1813 1714 1680 1473 1411 1507 1235 1435 1174 1439 1419 1638 1744 1051 1893 1768 1988 1163 1368 1457 1622 1476 1365 1170 1329 1190 1880 1569 1304 1730 1018 1902 1979 1674 1701 1127 1095 1179 1514 2000 1960 1592 1017 1463 1780 1518 1690 1805 1483 1016 1609 BCNSPRNW ULIB Ver.6.0+V

เปลี่ยนเป็นภาษาไทย

Change to English
 แสดงรายละเอียดบรรณานุกรม
  กลับหน้าหลัก

Brief Record : Get Marc (ISO 2709) : E-mail record : QR code < ปิดหน้าต่าง
LEADER : 00000nam 2200000uu 4500
001    13399123312
003     ULIB
008    140820s2556||||th 000 0 tha d
099    วจ.WK810^bว645ผ
100 0  วิภา เอี่ยมสำอางค์ จารามิลโล
245 00 ผลของการใช้โปรแกรมส่งเสริมการรับรู้สมรรถนะแห่งตนเพื่อการควบคุมเบาหวานสำหรับผู้สูงอายุต่อความรู้พฟติกรรม และการรับรู้สมรรถนะแห่งตนของผุ้สุงอายุโรคเบาหวาน/^cวิภา เอี่ยมสำอางค์ จารามิลโล
260    ลำปาง:^bวิทยาลัยพยาบาลบรมราชชนนี นครลำปาง,^c2556
300    74 หน้า
650  0 ผู้สุงอายุ^xวิจัย
650  0 โรคเบาหวาน^xวิจัย
945    ^p0^l0^i034613
999    ^aเกษร โพธิ์สุวรรณ
รายการนี้ยังไม่มีแท็ก
คุณยังไม่ได้ล็อกอิน คุณสามารถมีกิจกรรมร่วมกับเว็บไซต์ได้ แต่ต้องล็อกอินก่อน ::
  ล็อกอิน

รายการสื่อสารสนเทศ

ลำดับที่ ประเภท เลขเรียก/บาร์โค้ด สถานที่ สถานะ
1. งานวิจัย
งานวิจัย
วจ.WK810 ว645ผ ฉ.1 
  Barcode: 034613
ห้องสมุดวิทยาเขตสวรรค์ประชารักษ์
►วิจัย
บนชั้น

BibComment


ยังไม่เคยถูกคอมเมนท์

คอมเมนท์ทรัพยากรรายการนี้
  คอมเมนท์: ผลของการใช้โปรแกร..


 Copyright 2026. Bcnsprnw @Library